KOHA-Header-6

C++ Games Programming (Record no. 6737)

000 -LEADER
fixed length control field 00248nam a2200109Ia 4500
100 ## - MAIN ENTRY--AUTHOR NAME
Personal name Stevens, AL
245 #0 - TITLE STATEMENT
Title C++ Games Programming
260 ## - PUBLICATION, DISTRIBUTION, ETC. (IMPRINT)
Place of publication New York
Name of publisher CRC
Year of publication 1995
300 ## - PHYSICAL DESCRIPTION
Number of Pages 360
942 ## - ADDED ENTRY ELEMENTS (KOHA)
Koha item type Books
Holdings
Withdrawn status Lost status Collection code Permanent Location Current Location Shelving location Date acquired Full call number Accession Number Koha item type
    Computer Languages MAJU MAJU Shelf No.A18 2019-09-11 006.3 157 Computer Languages

Powered by Koha